| 000 | 00588nam a2200217Ia 4500 | ||
|---|---|---|---|
| 003 | OSt | ||
| 005 | 20220928145036.0 | ||
| 006 | a|||||r|||| 00| 0 | ||
| 007 | ta | ||
| 008 | 220927b |||||||| |||| 00| 0 eng d | ||
| 024 | _a78408 | ||
| 037 | _cTextual | ||
| 040 |
_aSDCL _cSDCL _beng |
||
| 041 |
_2eng _aeng |
||
| 082 | _aV25'M, M7 | ||
| 100 |
_aBarnett Richord B _9511367 |
||
| 245 | 0 |
_aNorth India between empires _b Awadh and the Mughals and the British 1720-1801. |
|
| 260 | _c1987 | ||
| 942 |
_hV25'M, M7 _cTEXL _2CC |
||
| 999 |
_c831622 _d831622 |
||